Open Data Biblioteca Nacional de Portugal


República Portuguesa: Ministério da Cultura
Biblioteca Nacional de Portugal

Catálogo da BNP: acesso por Identificadores Unívocos
Registos Bibliográficos associados ao registo de autoridade

Etiqueta de registo: 00254nam 2200025 450
001 2284912
003 http://id.bnportugal.gov.pt/bib/catbnp/2284912
010 ## $a978-989-40-3104-8
021 ## $aPT$b561148/26
100 ## $a20260421d2026 k y0pory01030103ba
101 0# $apor
102 ## $aPT
105 ## $ay z 000yy
106 ## $ar
200 1# $a Uma teoria sociojurídica da sociedade algorítmica$eperspetivas plurais críticas$fWanda Capeller, João Pedroso, Andreia Santos
210 #9 $aCoimbra$cAlmedina,$d2026
215 ## $a289 p.$d23 cm
225 2# $aObras coletivas
700 #1 $aCapeller,$bWanda$31921069
701 #1 $91$aPedroso,$bJoão$4070$31048799
701 #1 $94$aSantos,$bAndreia$31996442
801 #0 $aPT$bBN$gRPC
966 ## $lBN$mFGMON$x1
966 ## $lBN$mFGMON$x1
971 ## $corlando$d20260421

OpendataBNP@bnportugal.pt | Mais informação sobre acesso aos dados BNP